| 000 | 00374nam a22001577a 4500 | ||
|---|---|---|---|
| 003 | OSt | ||
| 005 | 20220402132835.0 | ||
| 008 | 220402b |||||||| |||| 00| 0 eng d | ||
| 020 | _a- | ||
| 040 | _cHU | ||
| 082 | _a634.9074 FAH 1983 | ||
| 100 |
_aFahl, Kathryn A. _935000 |
||
| 245 | _a Forest history museums of the world | ||
| 300 |
_a75p _c32cm |
||
| 942 |
_2ddc _cBOOKS _n0 |
||
| 999 |
_c34193 _d34193 |
||